| 000 | 00454nam a2200181Ia 4500 | ||
|---|---|---|---|
| 003 | GCL | ||
| 008 | 140319s9999 xx 000 0 eng d | ||
| 040 |
_aGCL / _cGCL |
||
| 082 | 0 | 4 |
_a822.83 _bB V |
| 100 | 1 | _aN. AUTTIORE | |
| 245 | 1 | 0 |
_aVILLAINY VICTORIOUS / _cN. AUTTIORE |
| 260 |
_a[S.N] : _bBRIDGE PUBLICATIONS ، _c1987 |
||
| 300 | _a465 P | ||
| 650 | 0 | 4 | _aENGLISH LITERATURE |
| 650 | 0 | 4 | _aLITERATURE |
| 650 | 0 | 4 | _aSHORT STORIES |
| 942 |
_2ddc _cBK |
||
| 999 |
_c24620 _d24620 |
||